Burial and Memorial in Late Antiquity : Volume 1: Thematic Perspectives /
Burial and Memorial explores funerary and commemorative archaeology, A.D. 284-650, across the late antique world, from Catalonia to Cappadocia. This first volume includes an overview of research, and papers exploring bioarchaeology, mortuary rituals, mausolea, and funerary landscapes. It considers t...
مؤلفون آخرون:
التنسيق: كتاب الكتروني
اللغة: English
منشور في:
Leiden ; Boston :
Brill,
2024.
سلاسل:
Late Antique Archaeology.
Late Antiquity and Medieval Studies E-Books Online, Collection 2023.
الموضوعات:
الوصول للمادة أونلاين: Login to view Source
الوسوم: إضافة وسم
رقم الطلب: GT3170
| LEADER | 02490nam a22005058i 4500 | ||
|---|---|---|---|
| 001 | BRILL9789004687981 | ||
| 003 | nllekb | ||
| 005 | 20241111181015.0 | ||
| 006 | m d | ||
| 007 | cr un uuuua | ||
| 008 | 240309s2024 gw sb 001 0 eng d | ||
| 010 | |a 2023059385 | ||
| 020 | |a 9789004687981 |q (electronic book) | ||
| 020 | |z 9789004687950 |q (print) | ||
| 024 | 7 | |a 10.1163/9789004687981 |2 DOI | |
| 035 | |z (OCoLC)1395537478 | ||
| 040 | |a NL-LeKB |c NL-LeKB |e rda | ||
| 041 | |a eng | ||
| 050 | 4 | |a GT3170 | |
| 072 | 7 | |a HB |2 bicssc | |
| 072 | 7 | |a HIS |x 000000 |2 bisacsh | |
| 082 | 0 | 4 | |a 393/.930936 |2 23 |
| 245 | 1 | 0 | |a Burial and Memorial in Late Antiquity : |b Volume 1: Thematic Perspectives / |c edited by Luke Lavan. |
| 246 | 3 | |a Volume 1: Thematic Perspectives | |
| 264 | 1 | |a Leiden ; |a Boston : |b Brill, |c 2024. | |
| 264 | 4 | |c ©2024 | |
| 336 | |a text |b txt |2 rdacontent | ||
| 337 | |a computer |b c |2 rdamedia | ||
| 338 | |a online resource |2 rdacarrier | ||
| 490 | 1 | |a Late Antique Archaeology | |
| 490 | 1 | |a Late Antiquity and Medieval Studies E-Books Online, Collection 2023 | |
| 504 | |a Includes bibliographical references and index. | ||
| 520 | |a Burial and Memorial explores funerary and commemorative archaeology, A.D. 284-650, across the late antique world, from Catalonia to Cappadocia. This first volume includes an overview of research, and papers exploring bioarchaeology, mortuary rituals, mausolea, and funerary landscapes. It considers the sacralisation of tombs, movements of relics, and the political significance of cemeteries. The fate of statue monuments is explored, as memorials for individuals. Authors also compare the spoliation or preservation of tombs to other buildings, and, finally, how the city itself, with its monuments, served as a place of collective memory, where meanings were long maintained. | ||
| 546 | |a English | ||
| 588 | |a Description based on print version record. | ||
| 650 | 0 | |a Burial. | |
| 650 | 0 | |a Excavations (Archaeology) | |
| 650 | 0 | |a Funeral rites and ceremonies, Ancient. | |
| 700 | 1 | |a Lavan, Luke, |e editor. | |
| 776 | 0 | 8 | |i Print version: |t Burial and Memorial in Late Antiquity : Volume 1: Thematic Perspectives. |d Leiden ; Boston : Brill, 2024. |z 9789004687950 |w (DLC) 2023059384 |
| 830 | 0 | |a Late Antique Archaeology. | |
| 830 | 0 | |a Late Antiquity and Medieval Studies E-Books Online, Collection 2023. | |
| 856 | 4 | |z DOI: |u http://dx.doi.org/10.1163/9789004687981 | |
| 942 | |2 lcc |c EBOOK | ||
| 999 | |c 59790 |d 59790 | ||
